Países más Poblados - 1800 DC - Estadísticas

Estadísticas generales
  • Esta prueba ha sido intentada 2.230 veces
  • La puntuación promedio es 14 de 18
Estadísticas de respuestas
Población País % Correcto
295 M China
100%
11 M España
97%
27 M Francia
96%
255 M India
96%
21 M Rusia
95%
21 M Alemania
94%
12 M Reino Unido
92%
17 M Italia
90%
29 M Japón
89%
8 M México
82%
7 M Turquía
75%
8 M Polonia
69%
16 M Indonesia
68%
9 M Pakistán
62%
13 M Nigeria
57%
18 M Bangladés
51%
9 M Ucrania
50%
7 M R. D. Congo
48%
No se encontraron pruebas coincidentes
Distribución de puntuación
Porcentaje de gente con cada puntuación
Porcentaje por número respondido
Historial de tus puntuaciones
No has intentado esta prueba.